000 00501nam a2200193 a 4500
001 1774864341840
003 YourLibrary
005 20260330152417.0
008 260330s2001##################000#0#eng##
020 _a9780521669450
082 0 4 _a362.1
_bMIL
100 1 _aMiller, Charles C.,
_eauthor.
245 1 0 _aRisk Stratification :
260 _bCambridge University Press,
_c2001.
300 _a196 pages
650 0 _aMedical.
942 _cENGLISH
040 _aYourLibrary
_beng
_cYourLibrary
999 _c618243
_d618243